| 000 | 00763nam a2200229Ii 4500 | ||
|---|---|---|---|
| 003 | JO-AjNU | ||
| 008 | 230605s9999||||xx |||||||||||||| ||und|| | ||
| 017 | _a17498 | ||
| 020 | _a977-308-069-2 | ||
| 040 |
_aJO-AjNU _bara _erda _cJO-AjNU |
||
| 041 | _aara | ||
| 050 | 1 | 4 | _aPJ6161.Q27.2020 |
| 100 | 3 |
_aالقسطاوي، رمضان خميس, _eauthor _961684 |
|
| 245 | 0 | 0 | _aدليلك الى اللغة العربية: المنجد في البلاغة |
| 250 | _aالطبعة الاولى | ||
| 264 | 3 | 1 | _aدسوق: دار العلم والايمان للنشر والتوزيع، 2020 |
| 300 | _a148ص | ||
| 336 |
_atext _btxt _2rdacontent |
||
| 337 |
_aunmediated _bn _2rdamedia |
||
| 338 |
_avolume _bnc _2rdacarrier |
||
| 650 | 4 |
_aالبلاغة _961685 |
|
| 999 |
_aA27895 _c31463 _d31463 |
||